Toutes les Techniques d'Asuto Inamori/Sonny Wright D'Inazuma Eleven - Statistiques

Statistiques générales
  • Ce quiz a été pris 14 fois
  • Le résultat moyen est 6 sur 10
Statistiques - réponses
Réponse Type de quiz Première Utilisation % Correct
Frappe Albatros TIR ARES
100%
Accélération Éclair ATT/DEF ARES
91%
Ours Polaire N°2 TIR ARES
73%
Last Resort Σ TIR ORION
64%
Tempête de Feu TIR ARES
64%
Contre en Tandem DEF ARES
55%
Frappe Météore TIR ARES
55%
Sunrise Blitz TIR ORION
55%
Tir Tricolore TIR ARES
55%
Shining Penguin TIR MANGA
9%
Aucun quiz correspondant
Distribution des résultats
% des personnes avec chaque résultat
Percentile par nombre de réponses
Votre historique - résultats
Vous n’avez pas pris ce quiz